College Football Matchups: Oklahoma - Statistics

General Stats
  • This quiz has been taken 161 times
  • The average score is 13 of 16
Answer Stats
Games Opponent Subdivision % Correct
121 Texas Power 4
100%
118 Oklahoma State Power 4
98%
114 Kansas Power 4
95%
103 Kansas State Power 4
93%
33 Baylor Power 4
88%
30 Texas Tech Power 4
87%
89 Iowa State Power 4
85%
88 Nebraska Power 4
82%
98 Missouri Power 4
81%
24 TCU Power 4
81%
31 Texas A&M Power 4
81%
59 Colorado Power 4
76%
29 Tulsa Group of 5
67%
15 West Virginia Power 4
62%
15 Arkansas Power 4
60%
*11 Notre Dame Power 4
40%
No matching quizzes found
Score Distribution
Percent of People with Each Score
Percentile by Number Answered
Your Score History
You have not taken this quiz